[Event "16th ECC w"]
[Site "Rogaska Slatina SLO"]
[Date "2011.09.27"]
[Round "3.3"]
[White "Muzychuk,M"]
[Black "Orehek,S"]
[Result "1-0"]
[WhiteElo "2456"]
[BlackElo "2020"]
[EventDate "2011.09.25"]

1. d4 d5 2. c4 c6 3. Nc3 Nf6 4. Nf3 a6 5. c5 Nbd7 6. Bf4 Nh5 7. Bd2 Nhf6 8. Qc2
g6 9. h3 Bg7 10. Bf4 O-O 11. e3 Nh5 12. Bh2 Re8 13. Be2 e5 14. O-O exd4 15. exd4
Bh6 16. Rfe1 Nf4 17. Bf1 Nf8 18. Rxe8 Qxe8 19. Re1 Qd8 20. Na4 Bf5 21. Qd1 N8e6
22. Nb6 Rb8 23. Ne5 Qg5 24. g4 Be4 25. f3 Qh4 26. fxe4 Nxd4 27. exd5 Re8 28. d6
Nde6 29. d7 Rd8 30. b4 Bg7 31. Re4 Qf6 32. Bxf4 Nxf4 33. Qf3 Nd5 34. Qxf6 Bxf6
35. Nec4 1-0

[Event "16th ECC w"]
[Site "Rogaska Slatina SLO"]
[Date "2011.09.27"]
[Round "3.4"]
[White "Zhukova,N"]
[Black "Bojkovic,N"]
[Result "1/2-1/2"]
[WhiteElo "2416"]
[BlackElo "2378"]
[EventDate "2011.09.25"]

1. d4 Nf6 2. c4 e6 3. Nc3 Bb4 4. e3 O-O 5. Bd3 d5 6. Nf3 c5 7. O-O cxd4 8. exd4
dxc4 9. Bxc4 a6 10. a4 Nc6 11. Bg5 Be7 12. Re1 h6 13. Bh4 Bd7 14. Qe2 Nh5 15.
Bg3 Nxg3 16. hxg3 Bb4 17. Red1 Bxc3 18. bxc3 Ne7 19. Ne5 Nd5 20. Bxd5 exd5 21.
Rdb1 Rb8 22. Qf3 Bc6 23. Rb2 Qc7 24. Nd3 Rfd8 25. Nc5 a5 26. Rab1 Re8 27. Kh2
Qc8 28. Qf4 Re7 29. Qd6 Qe8 30. Qf4 Qd8 31. Rb6 Rc8 32. Nxb7 Bxb7 33. Rxb7 Rxb7
34. Rxb7 Qf6 35. Rb8 Rxb8 36. Qxb8+ Kh7 37. Qb5 Qf5 38. f3 Qh5+ 39. Kg1 Qg5 40.
Qd3+ Kg8 41. f4 Qg4 42. Kf2 Qc8 43. Qb5 Qxc3 44. Qxd5 1/2-1/2

[Event "16th ECC w"]
[Site "Rogaska Slatina SLO"]
[Date "2011.09.27"]
[Round "3.4"]
[White "Drljevic,L"]
[Black "Vasilevich,I"]
[Result "1/2-1/2"]
[WhiteElo "2256"]
[BlackElo "2393"]
[EventDate "2011.09.25"]

1. e4 c5 2. Nf3 e6 3. d3 Nc6 4. g3 g6 5. Bg2 Bg7 6. O-O Nge7 7. c3 e5 8. Be3 d6
9. d4 exd4 10. cxd4 Bg4 11. dxc5 dxc5 12. Nbd2 b6 13. Rb1 O-O 14. a3 Qd3 15. h3
Be6 16. Ng5 Bc8 17. Re1 h6 18. Bf1 Qd7 19. Ngf3 Rd8 20. b4 cxb4 21. axb4 Bb7 22.
Qb3 Nc8 23. Nc4 Qe6 24. b5 N6e7 25. Ncd2 Qxb3 26. Rxb3 Nd6 27. Bd3 Rac8 28. h4
Ne8 29. Ra3 Ra8 30. Bf4 Nc8 31. Nc4 Bf8 32. Rb3 a5 33. bxa6 Bxa6 34. Bf1 b5 35.
Na5 Ncd6 36. Nc6 Rdc8 37. Nb4 Bb7 38. Nd5 Nxe4 39. Nb6 Bc5 40. Be3 Bxb6 41. Bxb6
Rc3 42. Rxc3 Nxc3 43. Nd4 Nd6 44. Rc1 b4 45. Bc5 Na2 46. Rb1 Be4 47. Re1 Nb7 48.
Bxb4 Nxb4 1/2-1/2

[Event "16th ECC w"]
[Site "Rogaska Slatina SLO"]
[Date "2011.09.28"]
[Round "4.1"]
[White "Foisor,C"]
[Black "Mkrtchian,L"]
[Result "1/2-1/2"]
[WhiteElo "2416"]
[BlackElo "2475"]
[EventDate "2011.09.25"]

1. c4 Nf6 2. g3 e5 3. Bg2 d5 4. cxd5 Nxd5 5. Nf3 Nc6 6. O-O Nb6 7. d3 Be7 8.
Nbd2 Be6 9. b3 f6 10. Bb2 O-O 11. a3 a5 12. Qc2 Qd7 13. Rac1 Rfd8 14. Rfe1 Bf8
15. Nc4 Qf7 16. Nfd2 Nd5 17. Nf1 Nd4 18. Bxd4 exd4 19. Qb2 b5 20. Ncd2 c5 21. e3
dxe3 22. Nxe3 Rac8 23. Nxd5 Bxd5 24. Bxd5 Rxd5 25. Qc3 Qd7 26. Re3 Rd8 27. Qxa5
Rxd3 28. Nf1 Re8 29. Rxe8 Qxe8 30. Re1 Qc6 31. Re3 Rd1 32. Re1 Rd3 33. Re3 Rd7
34. Re1 Rd3 1/2-1/2

[Event "16th ECC w"]
[Site "Rogaska Slatina SLO"]
[Date "2011.09.28"]
[Round "4.2"]
[White "Socko,M"]
[Black "Pogonina,N"]
[Result "1/2-1/2"]
[WhiteElo "2490"]
[BlackElo "2446"]
[EventDate "2011.09.25"]

1. e4 e5 2. Nf3 Nc6 3. Bb5 a6 4. Bxc6 dxc6 5. O-O Qf6 6. d4 exd4 7. Bg5 Qd6 8.
Nxd4 Bd7 9. Nc3 Ne7 10. Be3 c5 11. Nb3 Qxd1 12. Rfxd1 b6 13. a4 a5 14. Rd2 Ng6
15. Rad1 Bc6 16. f4 f6 17. Nd5 Rc8 18. e5 fxe5 19. fxe5 Bxd5 20. Rxd5 Kf7 21.
Nd2 Be7 22. Nf3 h6 23. c4 Ke6 24. Kf2 Rhf8 25. Kg3 Rcd8 26. h4 c6 27. Rxd8 Rxd8
28. Rxd8 Bxd8 29. h5 Nxe5 30. Nxe5 Kxe5 31. Kf3 Bf6 32. b3 Bd8 33. Bf2 Bg5 34.
Bg1 Bf4 35. Bf2 Bg5 36. Bg1 Bf4 1/2-1/2

[Event "16th ECC w"]
[Site "Rogaska Slatina SLO"]
[Date "2011.09.28"]
[Round "4.3"]
[White "Munguntuul,B"]
[Black "Gunina,V"]
[Result "0-1"]
[WhiteElo "2465"]
[BlackElo "2499"]
[EventDate "2011.09.25"]

1. e4 c6 2. d4 d5 3. Nc3 dxe4 4. Nxe4 Bf5 5. Ng3 Bg6 6. h4 h6 7. Nf3 Nd7 8. h5
Bh7 9. Bd3 Bxd3 10. Qxd3 e6 11. Bd2 Ngf6 12. O-O-O Be7 13. Qe2 O-O 14. Nf1 Nb6
15. Kb1 Na4 16. b3 Nb6 17. g4 a5 18. a4 Nbd5 19. c4 b5 20. axb5 cxb5 21. cxd5
Qxd5 22. Qd3 b4 23. Rh3 a4 24. Ne3 Qa5 25. Nc4 Qa7 26. Kb2 axb3 27. Qxb3 Ne4 28.
Rhh1 Bf6 29. Kc2 Rfc8 30. Ra1 Qb7 31. Rxa8 Qxa8 32. Rc1 Qd5 33. Kd1 Nc3+ 34.
Bxc3 Qxf3+ 35. Ke1 Bxd4 36. Qxb4 Bxf2+ 37. Kd2 Qf4+ 38. Kc2 Rxc4 39. Qb3 Rc8 40.
Rd1 Bd4 41. Rd3 Qe4 42. Kd2 Qxd3+ 0-1

[Event "16th ECC w"]
[Site "Rogaska Slatina SLO"]
[Date "2011.09.28"]
[Round "4.3"]
[White "Girya,O"]
[Black "Zaiatz,E"]
[Result "0-1"]
[WhiteElo "2390"]
[BlackElo "2441"]
[EventDate "2011.09.25"]

1. d4 Nf6 2. c4 e6 3. Nf3 d5 4. Nc3 Bb4 5. Bg5 h6 6. Bxf6 Qxf6 7. e3 O-O 8. Rc1
dxc4 9. Bxc4 c5 10. O-O cxd4 11. Ne4 Qe7 12. exd4 Nc6 13. a3 Ba5 14. b4 Bb6 15.
Rc2 Rd8 16. Rd2 Qc7 17. Ba2 Bd7 18. Qe2 Be8 19. Rfd1 Ne7 20. Nc5 Nd5 21. Qc4
Rac8 22. Qc2 a5 23. Bb1 g6 24. Qb3 Qe7 25. Ne5 axb4 26. axb4 Ba7 27. Qh3 h5 28.
Qa3 b6 29. Ne4 Bb8 30. Nd3 h4 31. Rc2 Rxc2 32. Bxc2 Qc7 33. Ne1 Qxh2+ 34. Kf1
Bb5+ 35. Bd3 Bxd3+ 36. Nxd3 Qh1+ 37. Ke2 Qxg2 38. Nd2 Qg4+ 39. f3 Qxd4 0-1

[Event "16th ECC w"]
[Site "Rogaska Slatina SLO"]
[Date "2011.09.28"]
[Round "4.3"]
[White "Vasilevich,I"]
[Black "Kashlinskaya,A"]
[Result "0-1"]
[WhiteElo "2393"]
[BlackElo "2385"]
[EventDate "2011.09.25"]

1. c4 g6 2. g3 Bg7 3. Bg2 d6 4. Nc3 e5 5. d3 f5 6. f4 Nf6 7. Nh3 O-O 8. O-O c6
9. Kh1 Na6 10. Be3 Qe7 11. Qd2 Bd7 12. Rab1 exf4 13. gxf4 Ng4 14. Bg1 Rae8 15.
e4 h6 16. Nf2 Nf6 17. Rbe1 Nh5 18. Nfd1 Qh4 19. Rf3 fxe4 20. Bf2 Qd8 21. dxe4
Bg4 22. Rd3 Nxf4 23. Rxd6 Qe7 24. Bg3 Be5 25. Ne3 Qxd6 26. Qxd6 Bxd6 27. Nxg4 h5
28. e5 Nxg2 29. Kxg2 Be7 30. Ne3 Nc5 31. h4 Nd3 32. Rd1 Nxe5 33. Ne4 Nf3 34. Nc2
Bxh4 35. Bd6 Rf7 36. Nc3 Ne1+ 37. Kh3 Nxc2 38. Kxh4 Ne3 39. Rd3 Nxc4 40. Bc5 Ne5 0-1

[Event "16th ECC w"]
[Site "Rogaska Slatina SLO"]
[Date "2011.09.28"]
[Round "4.4"]
[White "Bojkovic,N"]
[Black "Johnsen,Sy"]
[Result "1-0"]
[WhiteElo "2378"]
[BlackElo "2038"]
[EventDate "2011.09.25"]

1. e4 e5 2. Nf3 Nc6 3. Bb5 a6 4. Ba4 Nf6 5. d3 d6 6. c3 Bd7 7. Nbd2 g6 8. Nf1
Bg7 9. Ng3 O-O 10. O-O b5 11. Bc2 Re8 12. h3 Na5 13. b4 Nb7 14. a4 c5 15. Be3
Qc7 16. Bb3 bxa4 17. Bxa4 cxb4 18. cxb4 d5 19. Rc1 Qd8 20. Bc6 Bxc6 21. Rxc6 a5
22. Qa4 axb4 23. Qxb4 dxe4 24. dxe4 Qd7 25. Qb6 Re6 26. Rxe6 fxe6 27. Rb1 Nd6
28. Nxe5 Nd5 29. Nxd7 Nxb6 30. Nxb6 1-0

[Event "16th ECC w"]
[Site "Rogaska Slatina SLO"]
[Date "2011.09.28"]
[Round "4.4"]
[White "Frank Nielsen,M"]
[Black "Dembo,Y"]
[Result "0-1"]
[WhiteElo "2020"]
[BlackElo "2471"]
[EventDate "2011.09.25"]

1. e4 c5 2. c3 d6 3. d4 Nf6 4. Bd3 g6 5. Nf3 Bg7 6. O-O O-O 7. Na3 a6 8. Nc2 c4
9. Bxc4 Nxe4 10. Ne3 e6 11. a4 f5 12. Re1 d5 13. Bd3 Nc6 14. Nf1 Qb6 15. Qc2 Bd7
16. Be3 Rac8 17. Ne5 Nxe5 18. dxe5 Qd8 19. Bd4 g5 20. a5 Nc5 21. Be2 Be8 22. Ra3
Bg6 23. b4 f4 24. Qd1 Nd7 25. Bh5 Qe8 26. Bxg6 Qxg6 27. Nd2 Qf5 28. Qb1 Nxe5 29.
Qxf5 Rxf5 30. h3 Rc6 31. b5 axb5 32. Rb3 Nc4 33. Nf3 e5 34. Bb6 Nxb6 35. axb6
Rxb6 36. Reb1 e4 37. Nd4 Bxd4 38. cxd4 Rf7 39. Rxb5 Rxb5 40. Rxb5 Rd7 41. Kf1
Kf7 42. Ke2 Ke7 43. f3 e3 44. g3 fxg3 45. Kxe3 Kf6 46. f4 Kf5 47. fxg5 Kxg5 48.
Kf3 Kh4 49. Rb6 Rf7+ 0-1

[Event "16th ECC w"]
[Site "Rogaska Slatina SLO"]
[Date "2011.09.28"]
[Round "4.4"]
[White "Chelushkina,I"]
[Black "Khachatourian,Y"]
[Result "0-1"]
[WhiteElo "2287"]
[BlackElo "1967"]
[EventDate "2011.09.25"]

1. g3 g6 2. Bg2 Bg7 3. c4 e5 4. Nc3 f5 5. d3 Nf6 6. e4 fxe4 7. dxe4 d6 8. Nge2
Nc6 9. h3 Be6 10. Nd5 O-O 11. Be3 Qd7 12. Qd2 Rae8 13. O-O-O b6 14. Kb1 Na5 15.
b3 Nb7 16. g4 c6 17. Ndc3 Qf7 18. Ng3 Rd8 19. Qe2 Na5 20. g5 Ne8 21. h4 Nc7 22.
h5 b5 23. cxb5 d5 24. h6 Bh8 25. Bc5 d4 26. Bxf8 Rxf8 27. Qd2 Bxb3 28. axb3
Qxb3+ 29. Qb2 Qxb2+ 30. Kxb2 dxc3+ 31. Kxc3 Nxb5+ 32. Kb4 Nb7 33. Bh3 a5+ 34.
Kc4 Rf3 35. Rd3 N7d6+ 36. Rxd6 Rc3# 0-1

[Event "16th ECC w"]
[Site "Rogaska Slatina SLO"]
[Date "2011.09.28"]
[Round "4.4"]
[White "Reppen,E"]
[Black "Drljevic,L"]
[Result "0-1"]
[WhiteElo "1969"]
[BlackElo "2256"]
[EventDate "2011.09.25"]

1. e4 d6 2. d4 Nf6 3. Nc3 g6 4. Nf3 Bg7 5. Be2 c6 6. h3 O-O 7. O-O b5 8. a3 Qc7
9. Be3 a6 10. Qd2 Nbd7 11. Bh6 c5 12. Bxg7 Kxg7 13. Qe3 cxd4 14. Nxd4 Bb7 15.
Rac1 Rac8 16. Nb3 Qb6 17. Qxb6 Nxb6 18. Bf3 Ba8 19. Nd2 Nfd7 20. Rfe1 Rc7 21.
Be2 Rfc8 22. f3 Ne5 23. Kf2 Bb7 24. f4 Ned7 25. g3 e5 26. Bf3 Nc5 27. fxe5 dxe5
28. Bg4 Rf8 29. Kg1 Rd8 30. Rcd1 h5 31. Be2 Nba4 32. Nxa4 Nxa4 33. Nf3 Re8 34.
b3 Nc3 35. Rd6 Nxe4 36. Rb6 Nxg3 37. Kf2 Ne4+ 38. Kg1 Nc3 39. Nh4 e4 40. Ng2 Nd5
41. Rd6 Rxc2 42. a4 Nc3 43. Bf1 bxa4 44. bxa4 Nxa4 45. Ne3 Rc3 46. Bxa6 Bxa6 47.
Rxa6 Nb2 48. Ra7 Nd3 49. Rf1 Ne5 50. Nd5 Rxh3 51. Nf6 Rb8 52. Nxe4 Rb2 53. Nf2
Rg3+ 54. Kh2 h4 55. Kh1 Nf3 56. Raa1 g5 57. Rad1 g4 0-1

[Event "16th ECC w"]
[Site "Rogaska Slatina SLO"]
[Date "2011.09.28"]
[Round "4.5"]
[White "Mihevc Mohr,N"]
[Black "Kaya,E"]
[Result "1/2-1/2"]
[WhiteElo "2098"]
[BlackElo "1994"]
[EventDate "2011.09.25"]

1. e4 e5 2. Nf3 Nc6 3. Nc3 Nf6 4. a3 d5 5. Bb5 Nxe4 6. Qe2 Qd6 7. Nxe4 dxe4 8.
Qxe4 Bd7 9. O-O O-O-O 10. d3 f6 11. Be3 Be7 12. Qa4 a6 13. Bxc6 Bxc6 14. Qg4+
Kb8 15. b4 h5 16. Qf5 g6 17. Qh3 Bd7 18. Qh4 Bg4 19. Bc5 Qe6 20. Bxe7 Qxe7 21.
Nd2 g5 22. Qg3 Qd7 23. f3 Bf5 24. Ne4 h4 25. Qf2 h3 26. g3 Qg7 27. a4 Bc8 28. b5
f5 29. Nd2 g4 30. bxa6 f4 31. Ne4 Rdg8 32. Rab1 fxg3 33. Nxg3 Rf8 34. Qc5 b6 35.
Qd5 Bxa6 36. a5 Bb7 37. Qc4 Rf4 38. Qb5 gxf3 39. axb6 f2+ 40. Rxf2 Rxf2 41.
bxc7+ Qxc7 42. Kxf2 Rf8+ 43. Ke1 Kc8 44. c4 Bc6 45. Qc5 Rf3 46. Ne4 Rxd3 47. Ng5
Bg2 48. Qf8+ Rd8 49. Qf5+ Qd7 50. Qxd7+ Rxd7 51. Rb3 Rd4 52. Nxh3 Rxc4 1/2-1/2

[Event "16th ECC w"]
[Site "Rogaska Slatina SLO"]
[Date "2011.09.28"]
[Round "4.5"]
[White "Sop,S"]
[Black "Ankerst,Mil"]
[Result "1-0"]
[WhiteElo "1977"]
[BlackElo "2084"]
[EventDate "2011.09.25"]

1. e4 c5 2. Nf3 Nc6 3. d4 cxd4 4. Nxd4 g6 5. c4 Nf6 6. Nc3 d6 7. Be2 Bg7 8. Be3
Bd7 9. f4 O-O 10. O-O Qc8 11. Qd2 Rd8 12. Rac1 Nxd4 13. Bxd4 Bc6 14. Nd5 Re8 15.
e5 Ne4 16. Qe3 f5 17. Bxa7 dxe5 18. Nb6 exf4 19. Rxf4 Qc7 20. Nxa8 Rxa8 21. Rff1
Bxb2 22. Rc2 Be5 23. g3 Bf6 24. Bb6 Qe5 25. Qf4 Qe6 26. Qe3 Ba4 27. Rcc1 Qe5 28.
Rb1 Bc6 29. Rbd1 Rxa2 30. Rd8+ Kf7 31. Bd4 Bg5 32. Qb3 Qc7 33. Bb6 Qxb6+ 34.
Qxb6 Rxe2 35. Rf3 Nd2 36. Rxd2 Rxd2 37. Qb3 Bf6 38. Rd3 Rg2+ 39. Kf1 Rxh2 40.
c5+ Kg7 41. Rd8 Be4 42. Rg8+ Kh6 43. g4 Bd4 44. Qg3 Rh1+ 45. Ke2 e5 46. g5+ Kh5
47. Rh8 Rh2+ 48. Qxh2+ Kxg5 49. Rxh7 f4 50. Qh4+ Kf5 51. Rf7+ Ke6 52. Qe7+ Kd5
53. Qxb7+ Ke6 54. Qd7# 1-0

[Event "16th ECC w"]
[Site "Rogaska Slatina SLO"]
[Date "2011.09.29"]
[Round "5.1"]
[White "Pogonina,N"]
[Black "Bodnaruk,A"]
[Result "1-0"]
[WhiteElo "2446"]
[BlackElo "2417"]
[EventDate "2011.09.25"]

1. e4 c5 2. Nf3 d6 3. d4 cxd4 4. Nxd4 Nf6 5. Nc3 a6 6. Be2 e5 7. Nb3 Be7 8. O-O
O-O 9. Qd3 Be6 10. Nd5 Bxd5 11. exd5 Nbd7 12. Be3 Nc5 13. Nxc5 dxc5 14. Rad1 e4
15. Qd2 Bd6 16. Bg5 Re8 17. c4 Qe7 18. f4 exf3 19. Bxf3 Be5 20. d6 Qd7 21. Bxf6
Bxf6 22. Qd5 Bd4+ 23. Rxd4 cxd4 24. c5 Rab8 25. b4 a5 26. a3 Qa4 27. Bh5 Kh8 28.
Bxf7 Rf8 29. Qxd4 Qxa3 30. b5 Rbc8 31. d7 Qxc5 32. Qxc5 Rxc5 33. Rd1 Rd8 34. Re1
g5 35. Re8+ Kg7 36. Rxd8 Kxf7 37. Rf8+ 1-0

[Event "16th ECC w"]
[Site "Rogaska Slatina SLO"]
[Date "2011.09.29"]
[Round "5.3"]
[White "Menzi,N"]
[Black "Kashlinskaya,A"]
[Result "0-1"]
[WhiteElo "1887"]
[BlackElo "2385"]
[EventDate "2011.09.25"]

1. e4 e5 2. Nf3 Nc6 3. Bb5 a6 4. Ba4 Nf6 5. O-O Be7 6. Re1 b5 7. Bb3 d6 8. c3
O-O 9. h3 Nb8 10. d4 Nbd7 11. c4 Bb7 12. Nc3 c6 13. a3 Qc7 14. Bg5 h6 15. Be3
exd4 16. Nxd4 Rfe8 17. Nf5 Bf8 18. Bf4 Ne5 19. cxb5 axb5 20. Rc1 Qd7 21. f3 Rad8
22. Qd2 d5 23. Rcd1 Qc8 24. Bxe5 Rxe5 25. Qf4 Re6 26. exd5 g5 27. Rxe6 gxf4 28.
Rxf6 cxd5 29. Kh2 Qc5 30. Ne4 Qc7 31. Nc3 Qe5 32. Nxh6+ Bxh6 33. Rxh6 d4 34.
Rg6+ Kf8 35. Rb6 Qc7 36. Rf6 Rd7 37. Ne4 Bxe4 38. fxe4 d3 39. Be6 f3+ 40. g3
Qc2+ 0-1

[Event "16th ECC w"]
[Site "Rogaska Slatina SLO"]
[Date "2011.09.29"]
[Round "5.4"]
[White "Cramling,P"]
[Black "Ankerst,Mil"]
[Result "1-0"]
[WhiteElo "2489"]
[BlackElo "2084"]
[EventDate "2011.09.25"]

1. d4 Nf6 2. Nf3 e6 3. c4 Bb4+ 4. Nbd2 O-O 5. a3 Be7 6. e4 d6 7. Qc2 Nbd7 8. Be2
e5 9. d5 a5 10. b3 b6 11. Rb1 Re8 12. O-O Nf8 13. Ne1 Ng6 14. Nd3 h6 15. h3 Bd7
16. Re1 Qc8 17. Bf1 Nh5 18. Qd1 Nhf4 19. Nxf4 Nxf4 20. Nf3 Ng6 21. Bd3 Rf8 22.
Nh2 Bg5 23. Bb2 Nf4 24. Bf1 Ng6 25. Nf3 Be7 26. Ra1 f5 27. exf5 Bxf5 28. Bc1 Qe8
29. Be3 Qf7 30. Nh2 Bg5 31. Bxg5 hxg5 32. Ra2 Nf4 33. Ng4 Qh5 34. Ne3 Qxd1 35.
Rxd1 Bd7 36. Rdd2 Kh7 37. b4 Nh5 38. g3 Nf6 39. c5 bxc5 40. bxc5 Ba4 41. Rab2
Rab8 42. cxd6 cxd6 43. Nc4 Bb3 44. Nxd6 Bxd5 45. Nc4 Rxb2 46. Rxb2 Bxc4 47. Bxc4
Rc8 48. Be6 Rc1+ 49. Kg2 Ra1 50. Rb5 Rxa3 51. Rxe5 Kg6 52. Bf5+ Kf7 53. Rc5 Ne8
54. Bc2 Kf6 55. Rf5+ Ke7 56. Rxg5 Ra2 57. Bb3 Ra3 58. Bc2 Ra2 59. Bd3 Ra3 60.
Bh7 Kf7 61. h4 Nf6 62. Bg6+ Ke6 63. Bc2 Rc3 64. Bd1 Rd3 65. Be2 Rd2 66. Bc4+ Nd5
67. Bxd5+ Rxd5 68. Rxg7 a4 69. Ra7 Rd4 70. Ra5 Kf6 71. Kh3 Kg6 72. f4 Rb4 73.
Kg4 Kh6 74. Ra6+ Kg7 75. Kg5 Rb3 76. g4 1-0

[Event "16th ECC w"]
[Site "Rogaska Slatina SLO"]
[Date "2011.09.29"]
[Round "5.4"]
[White "Orehek,S"]
[Black "Socko,M"]
[Result "0-1"]
[WhiteElo "2020"]
[BlackElo "2490"]
[EventDate "2011.09.25"]

1. e4 c5 2. c3 d5 3. exd5 Qxd5 4. d4 Nf6 5. Nf3 g6 6. Be2 cxd4 7. cxd4 Bg7 8.
O-O O-O 9. Nc3 Qa5 10. Qb3 Nc6 11. a3 Rd8 12. Rd1 e6 13. Bf4 Nd5 14. Bg5 Nxc3
15. bxc3 Rd5 16. Be3 Qd8 17. Rac1 Na5 18. Qc2 b5 19. a4 a6 20. Ne5 Bb7 21. Bf3
Rd6 22. Bxb7 Nxb7 23. Qe2 Rd5 24. Rb1 Na5 25. Nd3 Nc4 26. Nc5 Qe8 27. h3 Qc6 28.
Rb4 Bf8 29. Rdb1 Nxe3 30. Qxe3 Bxc5 31. axb5 axb5 32. dxc5 Rxc5 33. Rh4 h5 34.
g4 Rxc3 35. Qh6 Qe4 36. Rd1 Rca3 37. Qg5 0-1